MLB All-Stars By Team (2010-15) - Statistics

General Stats
  • This quiz has been taken 50 times
  • The average score is 181 of 472
Answer Stats
Team Year Position Answer % Correct
Detroit Tigers 2010 SP Justin Verlander
79%
Detroit Tigers 2011 SP Justin Verlander
79%
Detroit Tigers 2012 SP Justin Verlander
79%
Detroit Tigers 2013 SP Justin Verlander
79%
Los Angeles Angels 2012 OF Mike Trout
79%
Los Angeles Angels 2013 OF* Mike Trout
79%
Los Angeles Angels 2014 OF* Mike Trout
79%
Los Angeles Angels 2015 OF* Mike Trout
79%
Baltimore Orioles 2012 OF Adam Jones
76%
Baltimore Orioles 2013 OF* Adam Jones
76%
Baltimore Orioles 2014 OF* Adam Jones
76%
Baltimore Orioles 2015 OF Adam Jones
76%
New York Yankees 2010 3B Alex Rodriguez
76%
New York Yankees 2011 3B* Alex Rodriguez
76%
Atlanta Braves 2011 3B Chipper Jones
76%
Atlanta Braves 2012 3B Chipper Jones
76%
Milwaukee Brewers 2014 RP Francisco Rodriguez
76%
Milwaukee Brewers 2015 RP Francisco Rodríguez
76%
Cincinnati Reds 2010 1B Joey Votto
76%
Cincinnati Reds 2011 1B Joey Votto
76%
Cincinnati Reds 2012 1B* Joey Votto
76%
Cincinnati Reds 2013 1B* Joey Votto
76%
Los Angeles Angels 2015 1B Albert Pujols
72%
St. Louis Cardinals 2010 1B* Albert Pujols
72%
Los Angeles Dodgers 2011 SP Clayton Kershaw
72%
Los Angeles Dodgers 2012 SP Clayton Kershaw
72%
Los Angeles Dodgers 2013 SP Clayton Kershaw
72%
Los Angeles Dodgers 2015 SP Clayton Kershaw
72%
Houston Astros 2012 2B Jose Altuve
72%
Houston Astros 2014 2B Jose Altuve
72%
Houston Astros 2015 2B* Jose Altuve
72%
New York Yankees 2010 2B* Robinson Canó
72%
New York Yankees 2011 2B* Robinson Canó
72%
New York Yankees 2012 2B* Robinson Canó
72%
New York Yankees 2013 2B* Robinson Canó
72%
Seattle Mariners 2014 2B* Robinson Canó
72%
St. Louis Cardinals 2010 C* Yadier Molina
72%
St. Louis Cardinals 2011 C Yadier Molina
72%
St. Louis Cardinals 2012 C Yadier Molina
72%
St. Louis Cardinals 2013 C* Yadier Molina
72%
St. Louis Cardinals 2014 C* Yadier Molina
72%
St. Louis Cardinals 2015 C Yadier Molina
72%
Boston Red Sox 2011 1B* Adrián González
69%
Los Angeles Dodgers 2015 1B Adrián González
69%
San Diego Padres 2010 1B Adrián González
69%
Chicago White Sox 2014 SS Alexei Ramírez
69%
Milwaukee Brewers 2014 3B* Aramis Ramírez
69%
Colorado Rockies 2012 DH* Carlos González
69%
Colorado Rockies 2013 OF* Carlos González
69%
Baltimore Orioles 2013 1B* Chris Davis
69%
Cleveland Guardians 2011 RP Chris Perez
69%
Cleveland Guardians 2012 RP Chris Perez
69%
Boston Red Sox 2010 DH David Ortiz
69%
Boston Red Sox 2011 DH* David Ortiz
69%
Boston Red Sox 2012 DH* David Ortiz
69%
Boston Red Sox 2013 DH* David Ortiz
69%
Oakland Athletics 2011 SP Gio González
69%
Washington Nationals 2012 SP Gio González
69%
Miami Marlins 2010 SS* Hanley Ramírez
69%
Detroit Tigers 2013 SP Max Scherzer
69%
Detroit Tigers 2014 SP Max Scherzer
69%
Washington Nationals 2015 SP Max Scherzer
69%
San Francisco Giants 2012 OF* Melky Cabrera
69%
Detroit Tigers 2010 1B Miguel Cabrera
69%
Detroit Tigers 2011 1B Miguel Cabrera
69%
Detroit Tigers 2012 3B Miguel Cabrera
69%
Detroit Tigers 2013 3B* Miguel Cabrera
69%
Detroit Tigers 2014 1B* Miguel Cabrera
69%
Detroit Tigers 2015 1B* Miguel Cabrera
69%
New York Yankees 2011 C Russell Martin
69%
Toronto Blue Jays 2015 C Russell Martin
69%
Kansas City Royals 2013 C Salvador Pérez
69%
Kansas City Royals 2014 C Salvador Pérez
69%
Kansas City Royals 2015 C* Salvador Pérez
69%
Kansas City Royals 2015 RP Wade Davis
69%
Cleveland Guardians 2011 SS Asdrúbal Cabrera
66%
Cleveland Guardians 2012 SS Asdrúbal Cabrera
66%
Atlanta Braves 2010 C Brian McCann
66%
Atlanta Braves 2011 C* Brian McCann
66%
Atlanta Braves 2013 C Brian McCann
66%
Philadelphia Phillies 2010 2B* Chase Utley
66%
Philadelphia Phillies 2014 2B* Chase Utley
66%
Boston Red Sox 2010 2B Dustin Pedroia
66%
Boston Red Sox 2013 2B Dustin Pedroia
66%
San Diego Padres 2013 SS Everth Cabrera
66%
Boston Red Sox 2010 3B Adrián Beltré
62%
Texas Rangers 2011 3B Adrián Beltré
62%
Texas Rangers 2012 3B* Adrián Beltré
62%
Texas Rangers 2014 3B Adrián Beltré
62%
San Francisco Giants 2012 C* Buster Posey
62%
San Francisco Giants 2013 C Buster Posey
62%
San Francisco Giants 2015 C* Buster Posey
62%
Atlanta Braves 2011 RP Craig Kimbrel
62%
Atlanta Braves 2012 RP Craig Kimbrel
62%
Atlanta Braves 2013 RP Craig Kimbrel
62%
Atlanta Braves 2014 RP Craig Kimbrel
62%
Baltimore Orioles 2012 RP Jim Johnson
62%
Miami Marlins 2010 SP Josh Johnson
62%
Arizona Diamondbacks 2013 1B Paul Goldschmidt
62%
Arizona Diamondbacks 2014 1B* Paul Goldschmidt
62%
Arizona Diamondbacks 2015 1B* Paul Goldschmidt
62%
Pittsburgh Pirates 2011 OF Andrew McCutchen
59%
Pittsburgh Pirates 2012 OF Andrew McCutchen
59%
Pittsburgh Pirates 2013 OF Andrew McCutchen
59%
Pittsburgh Pirates 2014 OF* Andrew McCutchen
59%
Pittsburgh Pirates 2015 OF Andrew McCutchen
59%
Chicago Cubs 2014 1B Anthony Rizzo
59%
Chicago Cubs 2015 1B Anthony Rizzo
59%
Washington Nationals 2012 OF Bryce Harper
59%
Washington Nationals 2013 OF* Bryce Harper
59%
Washington Nationals 2015 OF* Bryce Harper
59%
New York Mets 2011 DH* Carlos Beltrán
59%
St. Louis Cardinals 2012 OF* Carlos Beltrán
59%
St. Louis Cardinals 2013 OF* Carlos Beltrán
59%
New York Yankees 2010 SS* Derek Jeter
59%
New York Yankees 2011 SS* Derek Jeter
59%
New York Yankees 2012 SS* Derek Jeter
59%
New York Yankees 2014 SS* Derek Jeter
59%
Pittsburgh Pirates 2015 SP Gerrit Cole
59%
Minnesota Twins 2010 C* Joe Mauer
59%
Minnesota Twins 2012 C Joe Mauer
59%
Minnesota Twins 2013 C* Joe Mauer
59%
Chicago Cubs 2015 3B Kris Bryant
59%
San Francisco Giants 2013 SP Madison Bumgarner
59%
San Francisco Giants 2014 SP Madison Bumgarner
59%
San Francisco Giants 2015 SP Madison Bumgarner
59%
Los Angeles Dodgers 2011 OF* Matt Kemp
59%
Los Angeles Dodgers 2012 OF* Matt Kemp
59%
Philadelphia Phillies 2010 DH* Ryan Howard
59%
Cincinnati Reds 2010 3B Scott Rolen
59%
Cincinnati Reds 2011 3B Scott Rolen
59%
St. Louis Cardinals 2015 SP Carlos Martinez
55%
Atlanta Braves 2013 1B Freddie Freeman
55%
Atlanta Braves 2014 1B Freddie Freeman
55%
Miami Marlins 2012 OF Giancarlo Stanton
55%
Miami Marlins 2014 DH* Giancarlo Stanton
55%
Miami Marlins 2015 OF* Giancarlo Stanton
55%
Detroit Tigers 2015 OF JD Martinez
55%
Boston Red Sox 2010 SP Jon Lester
55%
Boston Red Sox 2011 SP Jon Lester
55%
Boston Red Sox 2014 SP Jon Lester
55%
Baltimore Orioles 2013 3B Manny Machado
55%
Baltimore Orioles 2015 3B Manny Machado
55%
Baltimore Orioles 2014 DH* Nelson Cruz
55%
Seattle Mariners 2015 DH* Nelson Cruz
55%
Texas Rangers 2013 OF Nelson Cruz
55%
San Francisco Giants 2010 SP Tim Lincecum
55%
San Francisco Giants 2011 SP Tim Lincecum
55%
Boston Red Sox 2010 C Victor Martinez
55%
Detroit Tigers 2014 DH Victor Martínez
55%
St. Louis Cardinals 2010 SP Adam Wainwright
52%
St. Louis Cardinals 2013 SP Adam Wainwright
52%
St. Louis Cardinals 2014 SP Adam Wainwright
52%
St. Louis Cardinals 2010 SP Chris Carpenter
52%
Seattle Mariners 2010 OF* Ichiro Suzuki
52%
Toronto Blue Jays 2010 OF José Bautista
52%
Toronto Blue Jays 2011 OF* José Bautista
52%
Toronto Blue Jays 2012 OF* José Bautista
52%
Toronto Blue Jays 2013 OF* José Bautista
52%
Toronto Blue Jays 2014 OF* José Bautista
52%
Toronto Blue Jays 2015 OF José Bautista
52%
Kansas City Royals 2015 OF* Lorenzo Cain
52%
San Francisco Giants 2011 SP Matt Cain
52%
San Francisco Giants 2012 SP Matt Cain
52%
St. Louis Cardinals 2013 2B Matt Carpenter
52%
St. Louis Cardinals 2014 3B Matt Carpenter
52%
Milwaukee Brewers 2010 OF* Ryan Braun
52%
Milwaukee Brewers 2011 OF* Ryan Braun
52%
Milwaukee Brewers 2012 OF Ryan Braun
52%
Milwaukee Brewers 2015 OF Ryan Braun
52%
Colorado Rockies 2010 SS Troy Tulowitzki
52%
Colorado Rockies 2011 SS Troy Tulowitzki
52%
Colorado Rockies 2013 SS* Troy Tulowitzki
52%
Colorado Rockies 2014 SS* Troy Tulowitzki
52%
Colorado Rockies 2015 SS Troy Tulowitzki
52%
San Francisco Giants 2015 SS Brandon Crawford
48%
Tampa Bay Rays 2010 OF* Carl Crawford
48%
Seattle Mariners 2011 SP Félix Hernández
48%
Seattle Mariners 2012 SP Félix Hernández
48%
Seattle Mariners 2013 SP Félix Hernández
48%
Seattle Mariners 2014 SP Félix Hernández
48%
Seattle Mariners 2015 SP Félix Hernández
48%
Miami Marlins 2011 1B Gaby Sánchez
48%
San Diego Padres 2010 RP Heath Bell
48%
San Diego Padres 2011 RP Heath Bell
48%
New York Yankees 2010 RP Mariano Rivera
48%
New York Yankees 2011 RP Mariano Rivera
48%
New York Yankees 2013 RP Mariano Rivera
48%
Detroit Tigers 2012 1B* Prince Fielder
48%
Detroit Tigers 2013 1B Prince Fielder
48%
Milwaukee Brewers 2011 1B* Prince Fielder
48%
Texas Rangers 2015 DH Prince Fielder
48%
Los Angeles Dodgers 2014 SP Zack Greinke
48%
Los Angeles Dodgers 2015 SP Zack Greinke
48%
Cincinnati Reds 2012 RP Aroldis Chapman
45%
Cincinnati Reds 2013 RP Aroldis Chapman
45%
Cincinnati Reds 2014 RP Aroldis Chapman
45%
Cincinnati Reds 2015 RP Aroldis Chapman
45%
Cincinnati Reds 2010 2B Brandon Phillips
45%
Cincinnati Reds 2011 2B Brandon Phillips
45%
Cincinnati Reds 2013 2B* Brandon Phillips
45%
New York Yankees 2010 SP CC Sabathia
45%
New York Yankees 2011 SP CC Sabathia
45%
New York Yankees 2012 SP CC Sabathia
45%
Philadelphia Phillies 2011 SP Cliff Lee
45%
Philadelphia Phillies 2013 SP Cliff Lee
45%
Texas Rangers 2010 SP Cliff Lee
45%
Tampa Bay Rays 2010 3B* Evan Longoria
45%
Chicago White Sox 2014 1B José Abreu
45%
Kansas City Royals 2015 SS* Alcides Escobar
41%
San Francisco Giants 2010 RP Brian Wilson
41%
San Francisco Giants 2011 RP Brian Wilson
41%
Arizona Diamondbacks 2010 OF Chris Young
41%
Los Angeles Angels 2012 SP CJ Wilson
41%
Texas Rangers 2011 SP CJ Wilson
41%
Miami Marlins 2013 SP José Fernández
41%
Texas Rangers 2010 OF* Josh Hamilton
41%
Texas Rangers 2011 OF* Josh Hamilton
41%
Texas Rangers 2012 OF* Josh Hamilton
41%
Arizona Diamondbacks 2011 OF Justin Upton
41%
San Diego Padres 2015 OF Justin Upton
41%
Texas Rangers 2011 DH Michael Young
41%
Philadelphia Phillies 2010 SP Roy Halladay
41%
Philadelphia Phillies 2011 SP Roy Halladay
41%
Chicago White Sox 2012 SP Chris Sale
38%
Chicago White Sox 2013 SP Chris Sale
38%
Chicago White Sox 2014 SP Chris Sale
38%
Chicago White Sox 2015 SP Chris Sale
38%
Philadelphia Phillies 2011 SP Cole Hamels
38%
Philadelphia Phillies 2012 SP Cole Hamels
38%
Detroit Tigers 2015 SP David Price
38%
Tampa Bay Rays 2010 SP David Price
38%
Tampa Bay Rays 2011 SP David Price
38%
Tampa Bay Rays 2012 SP David Price
38%
Tampa Bay Rays 2014 SP David Price
38%
New York Mets 2010 3B* David Wright
38%
New York Mets 2012 3B David Wright
38%
New York Mets 2013 3B* David Wright
38%
New York Mets 2015 SP Jacob deGrom
38%
Houston Astros 2013 C Jason Castro
38%
Kansas City Royals 2010 RP Joakim Soria
38%
Oakland Athletics 2014 3B* Josh Donaldson
38%
Toronto Blue Jays 2015 3B* Josh Donaldson
38%
Seattle Mariners 2014 3B Kyle Seager
38%
Baltimore Orioles 2011 C Matt Wieters
38%
Baltimore Orioles 2012 C Matt Wieters
38%
Baltimore Orioles 2014 C* Matt Wieters
38%
Kansas City Royals 2015 3B Mike Moustakas
38%
Colorado Rockies 2015 3B Nolan Arenado
38%
Chicago White Sox 2010 1B Paul Konerko
38%
Chicago White Sox 2011 1B Paul Konerko
38%
Chicago White Sox 2012 1B Paul Konerko
38%
Chicago Cubs 2011 SS Starlin Castro
38%
Chicago Cubs 2012 SS Starlin Castro
38%
Chicago Cubs 2014 SS Starlin Castro
38%
Chicago White Sox 2012 DH Adam Dunn
34%
Kansas City Royals 2013 OF Alex Gordon
34%
Kansas City Royals 2014 OF Alex Gordon
34%
Kansas City Royals 2015 OF* Alex Gordon
34%
Atlanta Braves 2012 2B* Dan Uggla
34%
Los Angeles Dodgers 2014 2B Dee Gordon
34%
Miami Marlins 2015 2B* Dee Gordon
34%
Detroit Tigers 2014 2B Ian Kinsler
34%
Texas Rangers 2010 2B Ian Kinsler
34%
Texas Rangers 2012 2B Ian Kinsler
34%
Atlanta Braves 2010 OF* Jason Heyward
34%
Los Angeles Angels 2010 SP Jered Weaver
34%
Los Angeles Angels 2011 SP Jered Weaver
34%
Los Angeles Angels 2012 SP Jered Weaver
34%
Boston Red Sox 2011 SP Josh Beckett
34%
Minnesota Twins 2010 1B* Justin Morneau
34%
St. Louis Cardinals 2011 OF* Lance Berkman
34%
San Francisco Giants 2011 3B Pablo Sandoval
34%
San Francisco Giants 2012 3B* Pablo Sandoval
34%
Los Angeles Dodgers 2010 SS Rafael Furcal
34%
St. Louis Cardinals 2012 SS* Rafael Furcal
34%
Atlanta Braves 2015 SP Shelby Miller
34%
Boston Red Sox 2011 OF Jacoby Ellsbury
31%
Cincinnati Reds 2011 OF Jay Bruce
31%
Cincinnati Reds 2012 OF Jay Bruce
31%
Detroit Tigers 2011 SS Jhonny Peralta
31%
Detroit Tigers 2013 SS Jhonny Peralta
31%
St. Louis Cardinals 2015 SS* Jhonny Peralta
31%
Baltimore Orioles 2013 SS* JJ Hardy
31%
New York Mets 2010 SS José Reyes
31%
New York Mets 2011 SS* José Reyes
31%
St. Louis Cardinals 2010 OF Matt Holliday
31%
St. Louis Cardinals 2011 OF Matt Holliday
31%
St. Louis Cardinals 2012 OF Matt Holliday
31%
St. Louis Cardinals 2015 OF* Matt Holliday
31%
New York Mets 2012 SP RA Dickey
31%
Tampa Bay Rays 2010 RP Rafael Soriano
31%
Washington Nationals 2012 SP Stephen Strasburg
31%
Atlanta Braves 2010 SP Tim Hudson
31%
San Francisco Giants 2014 SP Tim Hudson
31%
Los Angeles Dodgers 2014 OF* Yasiel Puig
31%
New York Yankees 2010 SP Andy Pettitte
28%
New York Mets 2014 2B Daniel Murphy
28%
Houston Astros 2011 OF Hunter Pence
28%
San Francisco Giants 2014 OF Hunter Pence
28%
Boston Red Sox 2011 3B Kevin Youkilis
28%
New York Yankees 2015 1B Mark Teixeira
28%
Arizona Diamondbacks 2011 C Miguel Montero
28%
Arizona Diamondbacks 2014 C Miguel Montero
28%
Colorado Rockies 2010 SP Ubaldo Jiménez
28%
Los Angeles Dodgers 2010 OF* Andre Ethier
24%
Los Angeles Dodgers 2011 OF Andre Ethier
24%
Tampa Bay Rays 2013 2B Ben Zobrist
24%
Colorado Rockies 2014 OF Charlie Blackmon
24%
Toronto Blue Jays 2013 DH Edwin Encarnación
24%
Toronto Blue Jays 2014 DH Edwin Encarnación
24%
Los Angeles Angels 2011 2B Howie Kendrick
24%
Cincinnati Reds 2014 SP Johnny Cueto
24%
Washington Nationals 2013 SP Jordan Zimmermann
24%
Washington Nationals 2014 SP Jordan Zimmermann
24%
Atlanta Braves 2014 SP Julio Teherán
24%
Los Angeles Angels 2012 OF Mark Trumbo
24%
Philadelphia Phillies 2011 3B* Plácido Polanco
24%
Milwaukee Brewers 2011 2B* Rickie Weeks
24%
Philadelphia Phillies 2011 OF Shane Victorino
24%
Texas Rangers 2010 DH* Vladimir Guerrero
24%
Baltimore Orioles 2015 RP Zach Britton
24%
Boston Red Sox 2010 SP Clay Buchholz
21%
Boston Red Sox 2013 SP Clay Buchholz
21%
New York Yankees 2011 OF* Curtis Granderson
21%
New York Yankees 2012 OF* Curtis Granderson
21%
Colorado Rockies 2015 2B DJ LeMahieu
21%
Philadelphia Phillies 2013 OF Domonic Brown
21%
Texas Rangers 2010 SS Elvis Andrus
21%
Texas Rangers 2012 SS Elvis Andrus
21%
Chicago White Sox 2012 SP Jake Peavy
21%
Milwaukee Brewers 2014 C Jonathan Lucroy
21%
Minnesota Twins 2014 C Kurt Suzuki
21%
Toronto Blue Jays 2014 SP Mark Buehrle
21%
Pittsburgh Pirates 2015 SP AJ Burnett
17%
Detroit Tigers 2011 C* Alex Avila
17%
Oakland Athletics 2010 RP Andrew Bailey
17%
New York Yankees 2015 OF Brett Gardner
17%
Milwaukee Brewers 2013 OF Carlos Gómez
17%
Milwaukee Brewers 2014 OF* Carlos Gómez
17%
Milwaukee Brewers 2010 OF Corey Hart
17%
Houston Astros 2015 SP Dallas Keuchel
17%
Miami Marlins 2014 SP Henderson Álvarez
17%
Tampa Bay Rays 2011 SP James Shields
17%
Milwaukee Brewers 2013 SS Jean Segura
17%
Atlanta Braves 2010 2B Martín Prado
17%
New York Mets 2013 SP Matt Harvey
17%
Pittsburgh Pirates 2013 3B Pedro Álvarez
17%
Cincinnati Reds 2014 3B Todd Frazier
17%
Cincinnati Reds 2015 3B* Todd Frazier
17%
Detroit Tigers 2013 OF Torii Hunter
17%
Los Angeles Angels 2010 OF Torii Hunter
17%
Los Angeles Dodgers 2015 C Yasmani Grandal
17%
Milwaukee Brewers 2010 SP Yovani Gallardo
17%
St. Louis Cardinals 2013 1B Allen Craig
14%
Minnesota Twins 2015 2B Brian Dozier
14%
Baltimore Orioles 2015 RP Darren O'Day
14%
St. Louis Cardinals 2012 3B David Freese
14%
Seattle Mariners 2014 RP Fernando Rodney
14%
Tampa Bay Rays 2012 RP Fernando Rodney
14%
Seattle Mariners 2013 SP Hisashi Iwakuma
14%
Cleveland Guardians 2013 2B Jason Kipnis
14%
Cleveland Guardians 2015 2B Jason Kipnis
14%
Los Angeles Dodgers 2010 RP Jonathan Broxton
14%
Philadelphia Phillies 2012 RP Jonathan Papelbon
14%
Philadelphia Phillies 2015 RP Jonathan Papelbon
14%
Detroit Tigers 2010 RP José Valverde
14%
Detroit Tigers 2011 RP José Valverde
14%
St. Louis Cardinals 2012 SP Lance Lynn
14%
Pittsburgh Pirates 2013 RP Mark Melancon
14%
Pittsburgh Pirates 2015 RP Mark Melancon
14%
Cleveland Guardians 2014 OF Michael Brantley
14%
New York Yankees 2010 OF Nick Swisher
14%
Oakland Athletics 2014 OF Yoenis Céspedes
14%
Arizona Diamondbacks 2015 OF AJ Pollock
10%
Kansas City Royals 2012 DH Billy Butler
10%
Los Angeles Angels 2014 SS Erick Aybar
10%
Pittsburgh Pirates 2010 RP Evan Meek
10%
Kansas City Royals 2013 RP Greg Holland
10%
Kansas City Royals 2014 RP Greg Holland
10%
Atlanta Braves 2011 SP Jair Jurrjens
10%
Chicago Cubs 2014 SP Jeff Samardzija
10%
Toronto Blue Jays 2010 C John Buck
10%
Detroit Tigers 2015 SS José Iglesias
10%
Pittsburgh Pirates 2014 OF Josh Harrison
10%
San Francisco Giants 2013 2B Marco Scutaro
10%
Chicago Cubs 2010 OF Marlon Byrd
10%
Texas Rangers 2012 SP Matt Harrison
10%
Atlanta Braves 2012 OF Michael Bourn
10%
Houston Astros 2010 OF Michael Bourn
10%
Colorado Rockies 2013 DH* Michael Cuddyer
10%
Minnesota Twins 2011 OF Michael Cuddyer
10%
St. Louis Cardinals 2015 SP Michael Wacha
10%
Texas Rangers 2012 C* Mike Napoli
10%
Atlanta Braves 2010 3B Omar Infante
10%
Arizona Diamondbacks 2013 SP Patrick Corbin
10%
San Francisco Giants 2013 RP Sergio Romo
10%
Toronto Blue Jays 2010 OF Vernon Wells
10%
Arizona Diamondbacks 2012 SP Wade Miley
10%
Texas Rangers 2012 SP Yu Darvish
10%
Texas Rangers 2013 SP Yu Darvish
10%
Texas Rangers 2014 SP Yu Darvish
10%
Kansas City Royals 2011 RP Aaron Crow
7%
Texas Rangers 2011 SP Alexi Ogando
7%
Oakland Athletics 2013 SP Bartolo Colón
7%
Seattle Mariners 2011 RP Brandon League
7%
Chicago Cubs 2012 1B Bryan LaHair
7%
Chicago White Sox 2011 OF Carlos Quentin
7%
Tampa Bay Rays 2015 SP Chris Archer
7%
Baltimore Orioles 2013 SP Chris Tillman
7%
Cincinnati Reds 2014 C Devin Mesoraco
7%
Cleveland Guardians 2010 SP Fausto Carmona
7%
Minnesota Twins 2013 RP Glen Perkins
7%
Minnesota Twins 2014 RP Glen Perkins
7%
Minnesota Twins 2015 RP Glen Perkins
7%
Los Angeles Angels 2015 SP Hector Santiago
7%
San Diego Padres 2012 RP Huston Street
7%
San Diego Padres 2014 RP Huston Street
7%
Pittsburgh Pirates 2013 RP Jason Grilli
7%
Pittsburgh Pirates 2013 SP Jeff Locke
7%
Los Angeles Dodgers 2015 OF Joc Pederson
7%
Texas Rangers 2012 RP Joe Nathan
7%
Texas Rangers 2013 RP Joe Nathan
7%
San Francisco Giants 2015 2B Joe Panik
7%
Atlanta Braves 2011 RP Jonny Venters
7%
Los Angeles Angels 2011 RP Jordan Walden
7%
Kansas City Royals 2015 RP Kelvin Herrera
7%
Pittsburgh Pirates 2011 SP Kevin Correia
7%
Boston Red Sox 2014 RP Koji Uehara
7%
Tampa Bay Rays 2013 SP Matt Moore
7%
Chicago White Sox 2010 RP Matt Thornton
7%
Seattle Mariners 2011 SP Michael Pineda
7%
Texas Rangers 2010 RP Neftalí Feliz
7%
Toronto Blue Jays 2011 SP Ricky Romero
7%
San Francisco Giants 2011 SP Ryan Vogelsong
7%
Oakland Athletics 2015 SP Sonny Gray
7%
Pittsburgh Pirates 2014 RP Tony Watson
7%
Oakland Athletics 2010 SP Trevor Cahill
7%
St. Louis Cardinals 2015 RP Trevor Rosenthal
7%
San Diego Padres 2014 SP Tyson Ross
7%
Baltimore Orioles 2010 2B Ty Wigginton
7%
Cincinnati Reds 2014 SP Alfredo Simón
3%
Cincinnati Reds 2010 RP Arthur Rhodes
3%
Boston Red Sox 2015 OF Brock Holt
3%
Philadelphia Phillies 2012 C Carlos Ruiz
3%
New York Yankees 2011 RP David Robertson
3%
New York Yankees 2014 RP Dellin Betances
3%
New York Yankees 2015 RP Dellin Betances
3%
St. Louis Cardinals 2013 RP Edward Mujica
3%
Oakland Athletics 2013 RP Grant Balfour
3%
Los Angeles Dodgers 2010 RP Hong-Chih Kuo
3%
Pittsburgh Pirates 2011 RP Joel Hanrahan
3%
Pittsburgh Pirates 2012 RP Joel Hanrahan
3%
Cleveland Guardians 2013 SP Justin Masterson
3%
New York Yankees 2014 SP Masahiro Tanaka
3%
Washington Nationals 2010 RP Matt Capps
3%
Tampa Bay Rays 2011 OF Matt Joyce
3%
St. Louis Cardinals 2014 RP Pat Neshek
3%
New York Yankees 2010 SP Phil Hughes
3%
Oakland Athletics 2015 C Stephen Vogt
3%
Chicago Cubs 2013 SP Travis Wood
3%
Washington Nationals 2011 RP Tyler Clippard
3%
Washington Nationals 2014 RP Tyler Clippard
3%
Tampa Bay Rays 2015 RP Brad Boxberger
0%
Oakland Athletics 2014 1B Brandon Moss
0%
Toronto Blue Jays 2013 SP Brett Cecil
0%
Oakland Athletics 2014 C Derek Norris
0%
Washington Nationals 2012 SS Ian Desmond
0%
Chicago White Sox 2013 RP Jesse Crain
0%
Oakland Athletics 2012 RP Ryan Cook
0%
Oakland Athletics 2014 RP Sean Doolittle
0%
Toronto Blue Jays 2013 RP Steve Delabar
0%
No matching quizzes found
Score Distribution
Percent of People with Each Score
Percentile by Number Answered
Your Score History
You have not taken this quiz